00321nam a2200121Ia 4500008004100000041000800041082001400049100002200063245003000085260004100115300003200156365001100188240624s9999 xx 000 0 und d aeng a658.3 ARM aARMSTRONG MICHAEL aHANDBOOK OF STRATEGIC HRM c2006aMumbaibJaico Publishing House axxii, : 257 : p. : cm. ; 24 cRSb30